| 000 | 02105cam a2200481 i 4500 | ||
|---|---|---|---|
| 001 | xx004952987 | ||
| 003 | NUKAT | ||
| 005 | 20260429122510.0 | ||
| 008 | 200923s2020 pl a |001 0 pol c | ||
| 020 |
_a9788380989771 _q(oprawa twarda) : _czł 50,00 |
||
| 035 | _a(OCoLC)1241630292 | ||
| 035 | _a(NUKAT)xx004952987 | ||
| 040 |
_aKAT U/JP _bpol _erda _cKAT U/JPs _dKAT U/JP _dKR 253/MD _dOLSZT 008/bak |
||
| 045 | 2 |
_bd1945 _bd1956 |
|
| 046 | _k2020 | ||
| 100 | 1 |
_aNoszczak, Bartłomiej _d(1976- ). _eAutor _917512 |
|
| 245 | 1 | 0 |
_aZa klasztorną furtą : _bmigawki z życia i działalności jezuitów w Warszawie (1945-1956) / _cBartłomiej Noszczak ; Instytut Pamięci Narodowej. Komisja Ścigania Zbrodni przeciwko Narodowi Polskiemu. Oddział w Warszawie. |
| 260 |
_aWarszawa : _bInstytut Pamięci Narodowej - Komisja Ścigania Zbrodni przeciwko Narodowi Polskiemu, _c2020. |
||
| 300 |
_a511, [1] strona, [40] ston tablic : _bilustracje ; _c25 cm. |
||
| 336 |
_aTekst _btxt _2rdacontent |
||
| 337 |
_aBez urządzenia pośredniczącego _bn _2rdamedia |
||
| 338 |
_aWolumin _bnc _2rdacarrier |
||
| 380 | _aKsiążki | ||
| 380 | _aPublikacje naukowe | ||
| 388 | 1 | _a2001- | |
| 490 | 1 |
_aWarszawa Nie?Pokonana ; _vt. 23 |
|
| 504 | _aBibliografia na stronach 485-496. Indeks. | ||
| 610 | 2 | 7 |
_aJezuici _2DBN _936098 |
| 610 | 2 | 7 |
_aSocietas Jesu _zPolska _zWarszawa _y1945-1970. _2kaba _940865 |
| 648 | 7 |
_a1901-2000 _2DBN _934996 |
|
| 648 | 7 |
_a1945-1989 _2DBN _936043 |
|
| 650 | 7 |
_aPRL _2DBN _935084 |
|
| 650 | 7 |
_aZakony męskie _2DBN _940866 |
|
| 651 | 7 |
_aWarszawa (woj. mazowieckie) _2DBN _937253 |
|
| 655 | 7 |
_aOpracowanie _2DBN _935024 |
|
| 658 | _aHistoria | ||
| 658 | _aReligia i duchowość | ||
| 710 | 2 |
_aInstytut Pamięci Narodowej - Komisja Ścigania Zbrodni przeciwko Narodowi Polskiemu. _bOddział (Warszawa). _eInstytucja sprawcza _913138 |
|
| 710 | 2 |
_aInstytut Pamięci Narodowej - Komisja Ścigania Zbrodni przeciwko Narodowi Polskiemu. _eWydawca _4pbl _911792 |
|
| 830 | 0 |
_aWarszawa Nie?Pokonana _vt. 23 _914501 |
|
| 920 | _a978-83-8098-977-1 (oprawa twarda) : zł 50,00 | ||
| 942 |
_2ddc _cBK_NM |
||
| 999 |
_c27865 _d27865 |
||